LEADER 01221nam a2200289 a 4500 001 000000125460 003 CaOOAMICUS 005 20110525142530.0 008 110525s2010 gw d u000 u ger r 020 $a978-3-16-150284-2 040 $aPUL$bita 100 1 $aTheobald, Michael.$0(OLS)http://pul/name/49313 245 10$aStudien zum Corpus Iohanneum /$cMichael Theobald. 260 $aTübingen :$bMohr Siebeck,$c©2010. 300 $aXI, 730 p. :$bgrafici ;$c24 cm 490 1 $aWissenschaftliche Untersuchungen zum Neuen Testament ;$v267 500 $aInclude indice. 504 $aBibliografia in nota. 630 04$aBiblia.$pN.T.$pIohannes$xCritica e interpretazione.$0(OLS)http://pul/subject/37920 830 0$aWissenschaftliche Untersuchungen zum Neuen Testament ;$v267.$0(OLS)http://pul/title/8628 850 $aPUL 852 $aPUL$W1$xSL Religione 1$y3$m16 H 267$j144490$qStampati$B143518$CPULBib$Z2$F143518 $H117122 $82 941 1 $a8 996 $6020$a978-3-16-150284-2$9(OLS)http://pul/number/147313 996 $6245$aStudien zum Corpus Iohanneum$9(OLS)http://pul/title/158199 996 $6260$aTübingen :$bMohr Siebeck$9(OLS)http://pul/publisher/52004 LEADER 01469nam a2200349 a 4500 001 000000172242 003 CaOOAMICUS 005 20190705130907.0 008 190705m20189999fr u000 u fre r 020 $a978-2-204-12865-0 032 $aLibriCat 040 $aPUL$bita 041 1 $afre$hlat$a 100 0 $aAlcuinus Turonensis,$d732-804.$0(OLS)http://pul/name/14725 240 10$aEpistulae.$lFrancese e latino.$0(OLS)http://pul/title/159840 245 10$aLettres /$cAlcuin ; introduction, texte critique, traduction, notes et index Christiane Veyrard-Cosme. 260 $aParis :$bCerf,$c2018. 300 $av. ;$c20 cm. 490 1 $aSources chrétiennes ;$v597 504 $aInclude riferimenti bibliografici e indici. 505 1 $aV.1. Tome I, Collection I. -- 546 $aTesto latino con traduzione francese a fronte; introduzione in francese. 700 1 $aVeyrard-Cosme, Christiane.$0(OLS)http://pul/name/110555 830 0$aSources chrétiennes ;$v597.$0(OLS)http://pul/title/45 850 $aPUL 852 $aPUL$W1$xSL Religione 2$y84$mTheol E3 597$j196177$qStampati Altre Collocazioni$B200929$CPULBib$Z2$F200929 $H132974 $82 900 $aAlcuino,$d732-804$914725 941 1 $a10 996 $6020$a978-2-204-12865-0$9(OLS)http://pul/number/166359 996 $6245$aLettres$9(OLS)http://pul/title/1391 996 $6260$aParis :$bCerf$9(OLS)http://pul/publisher/48238